უცხოური ინვესტიციები : [მონოგრაფია] / (ბიბ.ჩანაწერი № 54466)
[ მარტივი ფორმატი ]
| 000 -ლიდერი | |
|---|---|
| ფიქსირებული სიგრძის საკონტროლო ველი | 01410nam a2200277Ia 4500 |
| 001 - საკონტროლო ნომერი | |
| საკონტროლო ველი | 21528 |
| 003 - საკონტროლო ნომრის იდენტიფიკატორი | |
| საკონტროლო ველი | GE_BSU |
| 005 - ბოლო ოპერაციის თარიღი და დრო | |
| საკონტროლო ველი | 20220617141504.0 |
| 008 - ფიქსირებული სიგრძის მონაცემთა ელემენტები - ზოგადი ინფორმაცია | |
| ფიქსირებული სიგრძის საკონტროლო ველი | 181216s2017||||ge |||||||||||||| ||geo|| |
| 020 ## - წიგნის საერთაშორისო სტანდარტული ნომერი | |
| International Standard Book Number | 9789941954122 |
| 040 ## - კატალოგიზაციის წყარო | |
| Transcribing agency | GE_BSU |
| 041 ## - ენის კოდი | |
| Language code of text/sound track or separate title | geo |
| 080 ## - უნივერსალური ათობითი კლასიფიკაციის ინდექსი | |
| Universal Decimal Classification number | 339.727.22 ქ-69 |
| 100 ## - მთავარი ჩანაწერი - პიროვნების სახელი | |
| Personal name | ქოქიაური, ლამარა |
| 9 (RLIN) | 3369 |
| 245 ## - ცნობა სათაურის შესახებ | |
| Title | უცხოური ინვესტიციები : [მონოგრაფია] / |
| Statement of responsibility, etc | ლამარა ქოქიაური, მეცნ. რედ: ი. ხოზრევანიძე, ვ. ჭარაია. |
| 264 ## - წარმოების, გამოცემის, დისტრიბუციის და სხვა ცნობები | |
| გამოცემის, წარმოების, დისტრიბუციის... ადგილი | თბილისი : |
| გამოცემის, წარმოების, დისტრიბუციის... სახელწოდება | [?], |
| გამოცემის, წარმოების, დისტრიბუციის... თარიღი | 2017. |
| 300 ## - ფიზიკური აღწერა | |
| Extent | 836 გვ. ; |
| Dimensions | 26 სმ. |
| 504 ## - BIBLIOGRAPHY, ETC. NOTE | |
| Bibliography, etc | ბიბლიოგრაფია გვ. : 834-836 ბიბლიოგრ. თავების ბოლოს. |
| 546 ## - LANGUAGE NOTE | |
| Language note | თავფურცლის მე-3 გვერდი ინგლ. ენაზე. |
| 653 ## - INDEX TERM--UNCONTROLLED | |
| Uncontrolled term | ეკონომიკა |
| 653 ## - INDEX TERM--UNCONTROLLED | |
| Uncontrolled term | უცხოური ინვესტიციები |
| 653 ## - INDEX TERM--UNCONTROLLED | |
| Uncontrolled term | უცხოური ინვესტიციები საქართველოში. |
| 700 ## - ADDED ENTRY--PERSONAL NAME | |
| Personal name | ხოზრევანიძე, ი. |
| Relator term | მეცნიერ - რედაქტორი |
| 9 (RLIN) | 13126 |
| 700 ## - ADDED ENTRY--PERSONAL NAME | |
| Personal name | ჭარაია, ვ. |
| Relator term | მეცნიერ - რედაქტორი |
| 9 (RLIN) | 13127 |
| 942 ## - ADDED ENTRY ELEMENTS (KOHA) | |
| Koha item type | წიგნი |
| Source of classification or shelving scheme | |
| ჩამოწერის სტატუსი | დაკარგული ეგზემპლარის სტატუსი | კლასიფიკაციის წყარო ან თაროზე გაწყობის სქემა | დაზიანების სტატუსი | არ გაიცემა | მუდმივი მდებარეობა (დაცვის ადგილი) | ამჟამინდელი ადგილსამყოფელი | თაროზე განთავსების ადგილი | შეძენის თარიღი | ღირებულება, შესყიდვის ნორმალური ფასი | სრული შენახვის შიფრი | შტრიხკოდი | ბოლო ოპერაციის თარიღი | ეგზემპლარის მიმდევრობითი ნომერი (კეტერი?) | ფასის ძალაში შესვლის თარიღი | ეგზემპლარის სახეობა | საჯარო შენიშვნა |
|---|---|---|---|---|---|---|---|---|---|---|---|---|---|---|---|---|
| ბათუმის შოთა რუსთაველის სახელმწიფო უნივერსიტეტის მთავარი ბიბლიოთეკა | ბათუმის შოთა რუსთაველის სახელმწიფო უნივერსიტეტის მთავარი ბიბლიოთეკა | წიგნსაცავი | 2018-12-17 | 40.00 | 339.727.22 ქ-69 | 55548 | 2018-12-17 | 55548 | 2018-12-17 | წიგნი | 40.00 ₾. | |||||
| ბათუმის შოთა რუსთაველის სახელმწიფო უნივერსიტეტის მთავარი ბიბლიოთეკა | ბათუმის შოთა რუსთაველის სახელმწიფო უნივერსიტეტის მთავარი ბიბლიოთეკა | წიგნსაცავი | 2022-06-17 | 48.00 | 339.727.22 ქ-69 | 62731 | 2022-06-17 | 62731 | 2022-06-17 | წიგნი | 48.00 | |||||
| ბათუმის შოთა რუსთაველის სახელმწიფო უნივერსიტეტის მთავარი ბიბლიოთეკა | ბათუმის შოთა რუსთაველის სახელმწიფო უნივერსიტეტის მთავარი ბიბლიოთეკა | წიგნსაცავი | 2022-06-17 | 48.00 | 339.727.22 ქ-69 | 62732 | 2022-06-17 | 62732 | 2022-06-17 | წიგნი | 48.00 | |||||
| ბათუმის შოთა რუსთაველის სახელმწიფო უნივერსიტეტის მთავარი ბიბლიოთეკა | ბათუმის შოთა რუსთაველის სახელმწიფო უნივერსიტეტის მთავარი ბიბლიოთეკა | წიგნსაცავი | 2022-06-17 | 48.00 | 339.727.22 ქ-69 | 62733 | 2022-06-17 | 62733 | 2022-06-17 | წიგნი | 48.00 | |||||
| ბათუმის შოთა რუსთაველის სახელმწიფო უნივერსიტეტის მთავარი ბიბლიოთეკა | ბათუმის შოთა რუსთაველის სახელმწიფო უნივერსიტეტის მთავარი ბიბლიოთეკა | წიგნსაცავი | 2022-06-17 | 48.00 | 339.727.22 ქ-69 | 62734 | 2022-06-17 | 62734 | 2022-06-17 | წიგნი | 48.00 | |||||
| ბათუმის შოთა რუსთაველის სახელმწიფო უნივერსიტეტის მთავარი ბიბლიოთეკა | ბათუმის შოთა რუსთაველის სახელმწიფო უნივერსიტეტის მთავარი ბიბლიოთეკა | წიგნსაცავი | 2022-06-17 | 48.00 | 339.727.22 ქ-69 | 62735 | 2022-06-17 | 62735 | 2022-06-17 | წიგნი | 48.00 |
